000 00487cam a22001577a 4500
008 180718b1972 xxu||||| |||| 00| 0 eng d
020 _a0 85139 364 0
082 _aX1038 x42 F879
100 _aFreeth, Evelyn
245 _aAj legal handbook
_cEdited by Evelyn Freeth & Peter Davey
260 _aLondon
_bArchitectural
_c1972
300 _a207p.
650 _aBuilding laws -- Great Britain
650 _aArchitects -- Legal status, laws, etc. -- Great Britain
700 _aDavey,Peter
999 _c413111
_d413111